| 000 | 00642nam a2200181 a 4500 | ||
|---|---|---|---|
| 001 | 000035430 | ||
| 005 | 20200930074333.0 | ||
| 008 | 111031s1962 ag 000 0 spa d | ||
| 040 |
_aDO-SdBNP _bspa _cBNPHU |
||
| 082 |
_axxxx _bS211e, 1962 |
||
| 100 | 1 |
_aSánchez, Luis Alberto _923357 |
|
| 245 | 1 | 0 |
_aExamen espectral de América Latina : _bcivilización y cultura esencia de la radición ataque y defensa del mestizo / _cLuis Alberto Sánchez. |
| 250 | _a2a ed. | ||
| 260 |
_aBuenos Aires, : _bLosada, _c1962. |
||
| 300 |
_a240 p. ; _c21 cm. |
||
| 504 | _aIncluye referencias bibliográficas y notas al pie de las páginas | ||
| 049 | _aBNGR | ||
| 999 |
_c34921 _d34921 |
||